000 00761cam a2200265 a 4500
001 75057
003 BD-RjUL
005 20211209082635.0
008 830225s1949 enka b 001 0 eng d
035 _a(BD-RjUL)75275
040 _aNZOC
_beng
_cNZOC
_dNZOC
041 _aeng
082 0 4 _a572.549
_223
_bHEP 1949
100 1 _aHenry, Thomas Anderson.
_9226958
245 1 4 _aThe plant alkaloids /
_cby Thomas Anderson Henry.
250 _a4th ed.
260 _aLondon :
_bChurchill,
_c1949.
300 _axxiii, 804 p. :
_bill. ;
_c24 cm.
500 _aFirst ed. published 1913.
504 _aIncludes bibliographical references and index.
650 0 _aAlkaloids.
_9226959
650 0 _aPlants
_xAnalysis.
_9226960
942 _2ddc
_cBK
999 _c75057
_d75057